| 000 | 00742 a2200205 4500 | ||
|---|---|---|---|
| 001 | 41816 | ||
| 005 | 20260407155709.0 | ||
| 008 | 260407a2017 arg spa d | ||
| 003 | AR-UNSa-BCEJYS | ||
| 040 |
_aAR-UNSa-BCEJYS _bspa _cAR-UNSa-BCEJYS |
||
| 080 |
_a349.243 _xMedidas de salud e higiene (Accidentes del trabajo) |
||
| 245 | 1 | 0 |
_aReforma al sistema de riesgos del trabajo _pLey 27.348, Resolución (SRT) 298/2017 y Resolución (SRT) 326/2017 |
| 020 | _a978-987-01-2032-2 | ||
| 264 | 1 |
_aBuenos Aires : _bErrepar _c2017 |
|
| 300 |
_a120 p. _c26 cm. |
||
| 041 | _aspa | ||
| 942 | _cBK | ||
| 590 | _aniveau_biblio:m niveau_hierar:0 | ||
| 856 | 4 | 1 |
_uhttps://biblioeco.unsa.edu.ar/pmb/images/revistas/E00056.jpg _yImagen de portada _qimage/jpeg |
| 999 |
_c3532 _d3532 |
||